000 00263nam a22001217a 4500
008 170530b xxu||||| |||| 00| 0 eng d
041 _aeng
080 _a93
100 _a17
101 _aSHH
245 _aSEX/ A NATURAL HISTORY
_cRODGERS, J.E
942 _2udc
_cBK
999 _c15065
_d15065